Penn State Basketball: Top 10 All-Time Leaders - Statistics

General Stats
  • This quiz has been taken 29 times
    15 since last reset
  • The average score is 30 of 90
Answer Stats
Category # Player Amount % Correct
Three Pointers Made 5 Myles Dread 293
90%
Games 1 Myles Dread 154
90%
Field Goal Percent 8 Jalen Pickett 47.0%
80%
Points 2 Lamar Stevens 2,207
80%
Rebounds 4 Lamar Stevens 875
80%
Blocks 5 Lamar Stevens 127
80%
Points Per Game 7 Lamar Stevens 16.3
80%
Games T6 Lamar Stevens 135
80%
Points Per Game 4 Tony Carr 16.6
80%
Steals 2 Josh Reaves 250
70%
Blocks 9 Josh Reaves 92
70%
Three Pointers Made 6 Seth Lundy 229
70%
Blocks 1 Calvin Booth 428
60%
Field Goal Percent 6 Calvin Booth 50.7%
60%
Points 5 D.J. Newbill 1,812
60%
Points Per Game 2 D.J. Newbill 18.3
60%
Points 4 Joe Crispin 1,986
60%
Assists T5 Joe Crispin 485
60%
Three Pointers Made 4 Joe Crispin 308
60%
Rebounds 5 John Harrar 854
60%
Games 2 John Harrar 146
60%
Rebounds 2 Mike Watkins 953
60%
Blocks 2 Mike Watkins 265
60%
Field Goal Percent 1 Mike Watkins 59.7%
60%
Points 1 Talor Battle 2,213
60%
Assists 4 Talor Battle 517
60%
Steals 10 Talor Battle 145
60%
Three Pointers Made 3 Talor Battle 317
60%
Points Per Game 5 Talor Battle 16.5
60%
Games T8 Talor Battle 134
60%
Points 10 Tim Frazier 1,543
60%
Assists 1 Tim Frazier 641
60%
Steals 5 Tim Frazier 196
60%
Games T6 Tim Frazier 135
60%
Rebounds 6 Ross Travis 816
50%
Points 6 Shep Garner 1,629
40%
Steals 9 Shep Garner 151
40%
Three Pointers Made 1 Shep Garner 336
40%
Games 4 Shep Garner 138
40%
Blocks 10 Brandon Taylor 91
30%
Games T8 Andrew Jones 134
20%
Assists 3 Dan Earl 574
20%
Steals 7 Dan Earl 162
20%
Three Pointers Made 10 Dan Earl 194
20%
Blocks 8 Donovan Jack 100
20%
Steals 6 Jamari Wheeler 191
20%
Points 8 Jamelle Cornley 1,579
20%
Rebounds T8 Jamelle Cornley 755
20%
Field Goal Percent 5 Jamelle Cornley 51.1%
20%
Points 3 Jesse Arnelle 2,138
20%
Rebounds 1 Jesse Arnelle 1,238
20%
Points Per Game 1 Jesse Arnelle 21.0
20%
Blocks 4 Jordan Dickerson 133
20%
Games 3 Julian Moore 141
20%
Assists 9 Ben Luber 418
10%
Points 9 DeRon Hayes 1,570
10%
Field Goal Percent 7 DeRon Hayes 48.1%
10%
Assists 10 Dwight Gibson 382
10%
Assists 2 Freddie Barnes 600
10%
Steals 8 Freddie Barnes 158
10%
Rebounds T8 Geary Claxton 755
10%
Blocks 7 Gyasi Cline-Heard 107
10%
Blocks 6 Jan Jagla 110
10%
Rebounds 10 John Amaechi 742
10%
Blocks 3 John Amaechi 191
10%
Field Goal Percent 4 John Amaechi 51.8%
10%
Rebounds 3 Mike Lang 912
10%
Assists 7 Monroe Brown 450
10%
Steals 3 Monroe Brown 239
10%
Points 7 Pete Lisicky 1,605
10%
Three Pointers Made 2 Pete Lisicky 332
10%
Steals 1 Ron Brown 252
10%
Field Goal Percent 10 Ron Brown 46.0%
10%
Points Per Game 9 Ron Brown 16.2
10%
Assists 8 Titus Ivory 443
10%
Steals 4 Titus Ivory 218
10%
Three Pointers Made 8 Titus Ivory 206
10%
Points Per Game 8 Bob Weiss 16.3
0%
Points Per Game 6 Carver Clinton 16.4
0%
Three Pointers Made 7 Danny Morrissey 221
0%
Games 5 DJ Jackson 136
0%
Rebounds 7 Gene Harris 762
0%
Field Goal Percent 2 Jarrett Stephens 58.3%
0%
Games 10 Jeff Brooks 132
0%
Points Per Game 10 Jeff Persson 16.0
0%
Points Per Game 3 Mark DuMars 17.8
0%
Field Goal Percent 3 Randy Meister 51.8%
0%
Field Goal Percent 9 Rich Fetter 46.8%
0%
Three Pointers Made 9 Sharif Chambliss 195
0%
Assists T5 Tom Wilkinson 485
0%
No matching quizzes found
Score Distribution
Percent of People with Each Score
Percentile by Number Answered
Your Score History
You have not taken this quiz since the last reset